000 00427nam a22001577a 4500
003 OSt
005 20221012171647.0
008 221012b |||||||| |||| 00| 0 eng d
040 _cBiblioteca Lado V
082 _a750
_bL531a
100 _9152
_aLeirner, Nelson
_eautor
245 _aAdoracao/
260 _aBrasilia
_bMoacir dos Anjos
_c2003
300 _a139p.
_c16x23cm
942 _2ddc
_c1
_h750
_iL531a
_n0
999 _c2271
_d2271